000 01108cam a2200289 i 4500
999 _c27618
_d27618
001 349680
003 OSt
005 20170209115602.0
008 760630s1976 maua bc 000 0 eng
010 _a 76364188
040 _aDLC
_cDLC
_dDLC
043 _an-us---
050 0 0 _aN6507 .J37 1976
082 0 0 _a709/.74/07401443
100 1 _aJareckie, Stephen B.
_d1976-
245 1 4 _aThe early republic :
_bconsolidation of revolutionary goals : March 3-June 30, 1976 /
_cStephen B. Jareckie.
260 _aWorcester, Mass. :
_bWorcester Art Museum,
_c1976.
300 _a99 p. :
_bill. ;
_c23 cm.
500 _aIncludes bibliographical references.
650 0 _aArt, American
_y19th century
_vExhibitions.
650 0 _aDecoration and ornament
_xFederal style
_vExhibitions.
650 0 _aNeoclassicism (Art)
_zUnited States
_vExhibitions.
710 2 _aWorcester Art Museum.
906 _a7
_bcbc
_corignew
_d2
_encip
_f19
_gy-gencatlg
942 _2lcc
_cBOOKS
_hN6507 .J37 1976
_k34949